Derecho del trabajo e ideología (Record no. 114142)

MARC details
000 -LEADER
campo de control de longitud fija 00677nam a2200205 4500
001 - NÚMERO DE CONTROL
campo de control 114142
003 - IDENTIFICADOR DE NÚMERO DE CONTROL
campo de control ES-MaACL
007 - CAMPO FIJO DE DESCRIPCIÓN FÍSICA--INFORMACIÓN GENERAL
campo de control de longitud fija t|
008 - DATOS DE LONGITUD FIJA--INFORMACIÓN GENERAL
campo de control de longitud fija 061121s1984 sp r ||||1| spa d
100 1# - ENTRADA PRINCIPAL--NOMBRE DE PERSONA
Nombre de persona Palomeque López, Manuel Carlos.
9 (RLIN) 88687
245 10 - MENCIÓN DEL TÍTULO
Título Derecho del trabajo e ideología
Resto del título : medio siglo de formación ideológica del Derecho español del trabajo, 1873-1923 /
Mención de responsabilidad, etc. Manuel Carlos Palomeque López.
250 ## - MENCION DE EDICION
Mención de edición 2ª ed., rev.
260 ## - PUBLICACIÓN, DISTRIBUCIÓN, ETC.
Lugar de publicación, distribución, etc. Madrid :
Nombre del editor, distribuidor, etc. Akal,
Fecha de publicación, distribución, etc. 1984.
300 ## - DESCRIPCIÓN FÍSICA
Extensión 172 p. ;
Dimensiones 22 cm.
490 1# - MENCIÓN DE SERIE
Mención de serie Akal universitaria
500 ## - NOTA GENERAL
Nota general Ap. documental.
830 0# - PUNTO DE ACCESO ADICIONAL DE SERIE-TÍTULO UNIFORME
Título uniforme Akal universitaria
9 (RLIN) 177901
852 ## - LOCALIZACIÓN
Ubicación ES-MaACL
Número de control de estantería L-9099
Sublocalización o colección R.110719
Holdings
Estatus retirado Estado de pérdida Estado de daño No para préstamo Biblioteca de origen Biblioteca actual Ubicación en estantería Fecha de adquisición Fuente de adquisición Total de préstamos Signatura topográfica completa Código de barras Visto por última vez Precio de reemplazo Tipo de ítem Koha
        Biblioteca del Ateneo de Madrid Biblioteca del Ateneo de Madrid Depósito 2 17/01/2008     L-9099 1119038 23/02/2023 23/02/2023 Libro impreso